The Alliance--America, Europe, Japan : (Record no. 616822)

MARC details
000 -LEADER
fixed length control field 00524nam a2200193 a 4500
008 - FIXED-LENGTH DATA ELEMENTS--GENERAL INFORMATION
fixed length control field 260304s1983##################000#0#eng##
020 ## - INTERNATIONAL STANDARD BOOK NUMBER
ISBN 9780671425021
082 04 - DEWEY DECIMAL CLASSIFICATION NUMBER
Classification number 327.7304
Item number BAR
100 1# - MAIN ENTRY--AUTHOR NAME
Personal name Barnet, Richard J.,
245 10 - TITLE STATEMENT
Title The Alliance--America, Europe, Japan :
260 ## - PUBLICATION, DISTRIBUTION, ETC. (IMPRINT)
Name of publisher New York : Simon and Schuster,
Year of publication 1983.
300 ## - PHYSICAL DESCRIPTION
Number of Pages 536 pages
650 #0 - SUBJECT ADDED ENTRY--TOPICAL TERM
Topical Term History.
942 ## - ADDED ENTRY ELEMENTS (KOHA)
Koha item type English Books
Holdings
Withdrawn status Lost status Damaged status Not for loan Home library Current library Shelving location Date acquired Full call number Accession Number Price effective from Koha item type
        Anna Centenary Library Anna Centenary Library 3RD FLOOR, B WING 04.03.2026 327.7304 BAR 451131 04.03.2026 English Books

Find us on the map